000 00424nam a22001697a 4500
003 NUST - PNEC
005 20170116180754.0
008 150331b xxu||||| |||| 00| 0 eng d
040 _cLIBRARY
082 _a297.5 NAT
100 _91957
_aNatiq, Abdul Qayyum
245 _aSirat e Mustaqim
260 _aKarachi:
_bTaher Sons,
_cc1990.
300 _a326 p. :
_c22 cm.
650 _91958
_aIslam
_xGeneral
942 _2ddc
_cBK
999 _c62678
_d62678